000 00420nam a2200145Ia 4500
008 210430s9999 xx 000 0 und d
020 _a0077079760
082 _a543.0858 B212 F
100 _aColin N.Banwell, Elaine M. McCash.
_9128950
245 _aFundamentals of Molecular Spectroscopy /
_cColin N.Banwell
250 _a4th edition
260 _aNew Delhi
_bMcGraw-Hill
_c1997
300 _a308p
942 _cBK
_2ddc
999 _c564396
_d564396